[Event "27th Carlos Torre Mem"]
[Site "Merida MEX"]
[Date "2015.12.17"]
[Round "1.1"]
[White "Bruzon Batista, Lazaro"]
[Black "Andrenko, Irina"]
[Result "1-0"]
[WhiteTitle "GM"]
[BlackTitle "WIM"]
[WhiteElo "2666"]
[BlackElo "2230"]
[WhiteFideId "3503739"]
[BlackFideId "14118270"]
[EventDate "2015.12.17"]

1. e4 g6 2. d4 Bg7 3. Nc3 d6 4. Be3 a6 5. Qd2 b5 6. h4 h5 7. O-O-O Bb7 8. f3 Nd7
9. Nh3 Rc8 10. Ng5 c5 11. dxc5 Nxc5 12. Kb1 Nd7 13. Bd4 Ngf6 14. Be2 e5 15. Be3
b4 16. Nd5 Bxd5 17. exd5 a5 18. Ne4 Qc7 19. Nxf6+ Bxf6 20. Bb5 Kf8 21. Bc6 Kg7
22. Qf2 Be7 23. g4 Rcf8 24. Rde1 Qc8 25. g5 Nb8 26. Ba4 Qf5 27. Bb5 Qc8 28. f4
Qb7 29. Bc4 Nd7 30. Rhf1 Bd8 31. Qe2 Bb6 32. Bxb6 Qxb6 33. Bb5 Rd8 34. Bxd7 Rxd7
35. fxe5 1-0

[Event "27th Carlos Torre Mem"]
[Site "Merida MEX"]
[Date "2015.12.17"]
[Round "1.2"]
[White "Cuenca Gomez, Jesus"]
[Black "Dreev, Aleksey"]
[Result "0-1"]
[BlackTitle "GM"]
[WhiteElo "2220"]
[BlackElo "2644"]
[WhiteFideId "3520315"]
[BlackFideId "4100107"]
[EventDate "2015.12.17"]

1. e4 g6 2. d4 Bg7 3. Nc3 d6 4. Nf3 Nf6 5. Be2 O-O 6. O-O e6 7. e5 dxe5 8. Nxe5
Nfd7 9. f4 c5 10. Be3 cxd4 11. Bxd4 Nxe5 12. Bxe5 Bxe5 13. fxe5 Nc6 14. Qxd8
Rxd8 15. Rad1 Bd7 16. Rd6 Nxe5 17. Rfd1 Kf8 18. Bb5 Ke7 19. Bxd7 Rxd7 20. Rxd7+
Nxd7 21. Ne4 Rc8 22. c3 Nb6 23. Rf1 h6 24. Re1 Na4 25. Re2 f5 26. Nf2 Rd8 27.
Kf1 Kf6 28. Ke1 e5 29. Nd1 Nc5 30. Ne3 e4 31. g3 g5 32. c4 Ke5 33. Kf1 Nd3 34.
Nd5 f4 35. Nc3 e3 36. Nd5 Ke4 37. gxf4 gxf4 38. Rg2 Rxd5 0-1

[Event "27th Carlos Torre Mem"]
[Site "Merida MEX"]
[Date "2015.12.17"]
[Round "1.3"]
[White "L'Ami, Erwin"]
[Black "Martinez, Ayelen"]
[Result "1-0"]
[WhiteTitle "GM"]
[BlackTitle "WIM"]
[WhiteElo "2628"]
[BlackElo "2217"]
[WhiteFideId "1007998"]
[BlackFideId "118702"]
[EventDate "2015.12.17"]

1. d4 Nf6 2. c4 g6 3. Nc3 Bg7 4. e4 d6 5. f3 O-O 6. Bg5 c5 7. d5 e6 8. Qd2 exd5
9. cxd5 a6 10. a4 Qa5 11. Ra3 Nbd7 12. Nh3 Ne5 13. Nf2 Bd7 14. Be2 Qb4 15. O-O
Rab8 16. Qc2 b5 17. axb5 Rxb5 18. Nxb5 Bxb5 19. Bd2 1-0

[Event "27th Carlos Torre Mem"]
[Site "Merida MEX"]
[Date "2015.12.17"]
[Round "1.4"]
[White "Lopez Raygoza, Luis Albert"]
[Black "Quesada Perez, Yuniesky"]
[Result "1/2-1/2"]
[BlackTitle "GM"]
[WhiteElo "2214"]
[BlackElo "2627"]
[WhiteFideId "5108268"]
[BlackFideId "3504409"]
[EventDate "2015.12.17"]

1. e4 c5 2. Nf3 e6 3. d4 cxd4 4. Nxd4 Nc6 5. Nc3 Qc7 6. f4 a6 7. Nxc6 bxc6 8. e5
d5 9. exd6 Bxd6 10. Ne4 Be7 11. Bd3 Nf6 12. Qe2 O-O 13. O-O c5 14. b3 Bb7 15.
Bb2 Nxe4 16. Bxe4 Bxe4 17. Qxe4 Rad8 18. c4 Bf6 19. Bxf6 gxf6 20. Rfd1 f5 21.
Qf3 Rd4 22. Rxd4 cxd4 23. Rd1 Rd8 24. Qg3+ Kf8 25. Qg5 Rd7 26. Qg3 a5 27. Rd3
Qc6 28. h3 Qe4 29. Kh2 Ke7 30. a3 Rb7 31. Qf3 Qxf3 32. gxf3 f6 33. Kg2 e5 34.
Kf2 Ke6 35. Ke2 h5 36. h4 Rd7 37. b4 e4 38. Rd1 axb4 39. axb4 Rd6 40. b5 Kd7 41.
c5 Rd5 42. Rc1 Kc7 43. Kd2 Rd8 44. Rc4 Kb7 45. fxe4 fxe4 46. f5 Kc7 47. Ra4 1/2-1/2

[Event "27th Carlos Torre Mem"]
[Site "Merida MEX"]
[Date "2015.12.17"]
[Round "1.5"]
[White "Cordova, Emilio"]
[Black "Forgas Moreno, Yaniela"]
[Result "1-0"]
[WhiteTitle "GM"]
[BlackTitle "WFM"]
[WhiteElo "2611"]
[BlackElo "2208"]
[WhiteFideId "3801497"]
[BlackFideId "3508072"]
[EventDate "2015.12.17"]

1. d4 Nf6 2. Bg5 Ne4 3. Bf4 d6 4. f3 Nf6 5. Nc3 Nbd7 6. e4 e5 7. Be3 Be7 8. Nge2
O-O 9. g4 c6 10. Ng3 Ne8 11. Nf5 Bf6 12. Rg1 exd4 13. Bxd4 Bxd4 14. Qxd4 Ne5 15.
Rg3 Qb6 16. O-O-O Qxd4 17. Rxd4 Bxf5 18. gxf5 Nf6 19. f4 Nh5 20. fxe5 Nxg3 21.
hxg3 dxe5 22. Rd7 b5 23. a4 a6 24. Na2 Rfd8 25. Rxd8+ Rxd8 26. c3 Rd6 27. Nb4
bxa4 28. Nxa6 Rh6 29. Kd2 Rh1 30. Be2 Rb1 31. Kc2 Re1 32. Bd1 Re3 33. g4 Rxe4
34. Kd2 Rf4 35. Nc5 Rf2+ 36. Be2 Rh2 37. Nxa4 g6 38. fxg6 hxg6 39. g5 Rg2 40. b4
Kf8 41. Nc5 Rxg5 42. Bf3 Ke7 43. Bxc6 Rh5 44. b5 Kd6 45. Ne4+ Kc7 46. c4 f5 47.
Nc5 Rh2+ 48. Kc3 e4 49. Kd4 Rd2+ 50. Ke3 Rc2 51. Bd5 Kd6 52. Ne6 Ke5 53. Nf4 g5
54. Ng6+ Kd6 55. b6 Rb2 56. b7 g4 57. Kf4 Rf2+ 58. Kg3 Rb2 59. Nh4 Ke5 60. Ng6+
Kf6 61. Nf8 e3 62. Nd7+ Ke7 63. b8=Q 1-0

[Event "27th Carlos Torre Mem"]
[Site "Merida MEX"]
[Date "2015.12.17"]
[Round "1.6"]
[White "Carlos Arriaga, Jesus Roberto"]
[Black "Tiviakov, Sergei"]
[Result "0-1"]
[BlackTitle "GM"]
[WhiteElo "2197"]
[BlackElo "2610"]
[WhiteFideId "5104092"]
[BlackFideId "1008013"]
[EventDate "2015.12.17"]

1. Nf3 Nf6 2. c4 b6 3. g3 Bb7 4. Bg2 g6 5. b3 Bg7 6. Bb2 O-O 7. Nc3 d5 8. Nxd5
Nxd5 9. Bxg7 Kxg7 10. cxd5 Bxd5 11. O-O Qd6 12. d4 Nd7 13. Qc2 Nf6 14. Rac1 Rac8
15. Qb2 Bxf3 16. Bxf3 c5 17. dxc5 Rxc5 18. Rxc5 Qxc5 19. Rc1 Qd6 20. a3 Rd8 21.
b4 e5 22. e3 Qe7 23. Qc3 h5 24. h4 Ne8 25. Rd1 Rxd1+ 26. Bxd1 Nd6 27. Qc6 e4 28.
Bb3 Qf6 29. Kg2 Qf3+ 30. Kg1 Qf6 31. Kg2 Qe7 32. Qd5 Ne8 33. Bc2 Nf6 34. Qd4 Qe6
35. Qc3 Qf5 36. Bb3 Kg8 37. Bd1 Nd7 38. Qc8+ Kg7 39. Bb3 Qf3+ 40. Kg1 Ne5 41.
Qc3 Qf6 42. Kf1 Qf5 43. Bc2 Kg8 44. Bd1 Qh3+ 45. Ke2 Nf3 46. Bc2 Ng1+ 47. Kd2
Qf1 48. Bxe4 Qxf2+ 49. Kd3 Qf1+ 50. Kc2 Ne2 51. Qd2 Nxg3 52. Qd8+ Kg7 53. Qd4+
Qf6 54. Bd3 Qxd4 55. exd4 Kf6 56. Kc3 Nf5 57. Kc4 Nxh4 58. Kb5 Nf5 59. Bxf5 gxf5 0-1

[Event "27th Carlos Torre Mem"]
[Site "Merida MEX"]
[Date "2015.12.17"]
[Round "1.7"]
[White "Ortiz Suarez, Isan Reynaldo"]
[Black "Huertas Soris, Ramon Antonio"]
[Result "1-0"]
[WhiteTitle "GM"]
[WhiteElo "2601"]
[BlackElo "2184"]
[WhiteFideId "3507165"]
[BlackFideId "5122163"]
[EventDate "2015.12.17"]

1. e4 e6 2. d4 d5 3. Nd2 Nf6 4. e5 Nfd7 5. f4 c5 6. c3 Nc6 7. Ndf3 Qb6 8. a3 a5
9. Ne2 Be7 10. f5 exf5 11. Nf4 O-O 12. Nxd5 Qd8 13. Bc4 cxd4 14. cxd4 b5 15.
Bxb5 Bb7 16. O-O Nb6 17. Ne3 Na7 18. Bd3 g6 19. Nxf5 gxf5 20. Bxf5 Bc8 21. Be4
f5 22. Bxa8 Nxa8 23. d5 Bc5+ 24. Kh1 f4 25. b4 Bb6 26. e6 Nc7 27. Ne5 Nxd5 28.
Qg4+ Kh8 29. Bb2 Nf6 30. Rxf4 1-0

[Event "27th Carlos Torre Mem"]
[Site "Merida MEX"]
[Date "2015.12.17"]
[Round "2.1"]
[White "Diaz Perez, Michel Alejandro"]
[Black "Bruzon Batista, Lazaro"]
[Result "0-1"]
[WhiteTitle "FM"]
[BlackTitle "GM"]
[WhiteElo "2397"]
[BlackElo "2666"]
[WhiteFideId "3517179"]
[BlackFideId "3503739"]
[EventDate "2015.12.17"]

1. e4 e5 2. Nf3 Nc6 3. Bb5 a6 4. Ba4 Nf6 5. O-O Be7 6. Re1 b5 7. Bb3 d6 8. c3
O-O 9. d4 Bg4 10. d5 Na5 11. Bc2 Qc8 12. h3 Bd7 13. Nbd2 c6 14. b4 Nb7 15. dxc6
Qxc6 16. Bb2 Nd8 17. Bd3 Ne6 18. g3 Qb7 19. Nb3 Bd8 20. a3 Bb6 21. Bc1 Rac8 22.
Bd2 Bc6 23. Qe2 d5 24. Ng5 Nxg5 25. Bxg5 Nxe4 26. Bxe4 dxe4 27. Be3 Bxe3 28.
fxe3 f5 29. Nc5 Qf7 30. Rf1 Bd5 31. Rf2 Bc4 32. Qe1 Qh5 33. Kh2 Rc6 34. h4 Rd6
35. Rg2 h6 36. Rc1 Rg6 37. Qd1 Rg4 38. Kg1 Qg6 39. Qe1 f4 40. exf4 exf4 41. h5
Qxh5 42. Nxe4 f3 43. Rh2 Qg6 44. Nf2 Rxg3+ 45. Kh1 Rg2 46. Qe5 Rf5 47. Qb8+ Kh7 0-1

[Event "27th Carlos Torre Mem"]
[Site "Merida MEX"]
[Date "2015.12.17"]
[Round "2.2"]
[White "Dreev, Aleksey"]
[Black "Leon Oquendo, Jorge"]
[Result "1-0"]
[WhiteTitle "GM"]
[BlackTitle "FM"]
[WhiteElo "2644"]
[BlackElo "2398"]
[WhiteFideId "4100107"]
[BlackFideId "3514803"]
[EventDate "2015.12.17"]

1. d4 Nf6 2. c4 e6 3. Nc3 Bb4 4. Qc2 Nc6 5. Nf3 d6 6. Bd2 O-O 7. a3 Bxc3 8. Bxc3
Qe7 9. e3 a5 10. Be2 a4 11. Nd2 e5 12. d5 Nb8 13. O-O Bd7 14. f4 exf4 15. Rae1
Qxe3+ 16. Kh1 Re8 17. Nf3 h6 18. Bxf6 gxf6 19. Bd3 Qb6 20. Rxe8+ Bxe8 21. Qd2
Nd7 22. Qxf4 Qxb2 23. Qxh6 Nf8 24. Nh4 Bd7 25. h3 Re8 26. Bf5 Re5 27. Qxf6 Rxf5
28. Rxf5 Bc8 1-0

[Event "27th Carlos Torre Mem"]
[Site "Merida MEX"]
[Date "2015.12.17"]
[Round "2.3"]
[White "Torres Rosas, Luis Carlos"]
[Black "L'Ami, Erwin"]
[Result "0-1"]
[WhiteTitle "IM"]
[BlackTitle "GM"]
[WhiteElo "2380"]
[BlackElo "2628"]
[WhiteFideId "5111080"]
[BlackFideId "1007998"]
[EventDate "2015.12.17"]

1. d4 f5 2. c4 Nf6 3. g3 g6 4. Bg2 Bg7 5. Nc3 O-O 6. Nh3 e6 7. O-O d6 8. b3 c6
9. Ba3 Re8 10. Qc2 d5 11. Rad1 Nbd7 12. f3 Qa5 13. Bb2 e5 14. cxd5 exd4 15. Rxd4
Qc5 16. Qd2 Nxd5 17. Nxd5 Bxd4+ 18. Qxd4 cxd5 19. Nf4 Qxd4+ 20. Bxd4 Nb6 21. Rc1
Kf7 22. a4 Be6 23. a5 Rec8 24. Rb1 Nd7 25. Nd3 Rc2 26. Bf1 Rac8 27. b4 a6 28. e3
Ra2 29. Nc1 Ra3 30. Nb3 Rc7 31. b5 axb5 32. Bxb5 Ra2 33. Bd3 Ke7 34. Rb2 Rxb2
35. Bxb2 Kf7 36. Bd4 g5 37. Kf2 h5 38. f4 g4 39. Ke2 Nf6 40. Bb6 Rc3 41. Nc5 Bc8
42. Kd2 Ra3 43. Bc2 Ne4+ 44. Nxe4 dxe4 45. Kc1 Be6 0-1

[Event "27th Carlos Torre Mem"]
[Site "Merida MEX"]
[Date "2015.12.17"]
[Round "2.4"]
[White "Larrua Gonzalez, Fernando Oscar"]
[Black "Cordova, Emilio"]
[Result "0-1"]
[WhiteTitle "FM"]
[BlackTitle "GM"]
[WhiteElo "2369"]
[BlackElo "2611"]
[WhiteFideId "3510662"]
[BlackFideId "3801497"]
[EventDate "2015.12.17"]

1. d4 Nf6 2. Nf3 e6 3. Bg5 h6 4. Bxf6 Qxf6 5. e3 g6 6. Bd3 Bg7 7. Nbd2 d6 8. c3
Qe7 9. Qc2 Nd7 10. h4 b6 11. Qa4 Bb7 12. Ba6 Bxa6 13. Qxa6 c5 14. Rd1 O-O 15.
O-O Rfc8 16. g3 Nf6 17. Rfe1 Qc7 18. Qe2 cxd4 19. cxd4 Qc6 20. Nb1 b5 21. Rd3 b4
22. Red1 a5 23. Ne1 Qd5 24. a3 Rab8 25. axb4 axb4 26. R3d2 Ne4 27. Rc2 b3 28.
Rxc8+ Rxc8 29. Nd2 Nxd2 30. Qxd2 e5 31. dxe5 Qxe5 32. Nd3 Qd5 33. Nb4 Qf3 34.
Rc1 Rxc1+ 35. Qxc1 Qe2 36. Nd5 Qc2 37. Qa1 Qxb2 38. Qa8+ Kh7 39. Qb7 Qa1+ 40.
Kh2 b2 41. Nf6+ Bxf6 42. Qxf7+ Bg7 43. Qb7 Qb1 44. Qa8 0-1

[Event "27th Carlos Torre Mem"]
[Site "Merida MEX"]
[Date "2015.12.17"]
[Round "2.5"]
[White "Tiviakov, Sergei"]
[Black "Leiva, Giuseppe"]
[Result "1-0"]
[WhiteTitle "GM"]
[BlackTitle "IM"]
[WhiteElo "2610"]
[BlackElo "2389"]
[WhiteFideId "1008013"]
[BlackFideId "3804399"]
[EventDate "2015.12.17"]

1. e4 c6 2. d4 d5 3. Nd2 dxe4 4. Nxe4 Bf5 5. Ng3 Bg6 6. Nh3 Nf6 7. Bc4 e6 8. Nf4
Bd6 9. Bb3 Qc7 10. Qf3 Nbd7 11. O-O O-O 12. c3 a5 13. Nxg6 hxg6 14. a3 a4 15.
Ba2 b5 16. Bg5 Rac8 17. Rad1 Nd5 18. Rfe1 N7f6 19. h4 Bxg3 20. fxg3 Rfe8 21. g4
Nh7 22. Bc1 Rcd8 23. g5 e5 24. Bxd5 cxd5 25. Qg3 Nf8 26. dxe5 Ne6 27. Be3 Rd7
28. Bd4 Rc8 29. Rf1 Qd8 30. Rd3 Rc4 31. Qg4 Qe7 32. Rdf3 Qe8 33. h5 gxh5 34.
Qxh5 g6 35. Qh6 Qf8 36. Qh4 Qg7 37. Rf6 Rcc7 38. Qg4 Rc6 39. R1f3 Re7 40. Rd3
Rd7 41. Rh3 Rd8 42. Rh6 Rd7 43. Rf3 Rd8 44. Rfh3 1-0

[Event "27th Carlos Torre Mem"]
[Site "Merida MEX"]
[Date "2015.12.17"]
[Round "2.6"]
[White "Hernandez Marques, Noel"]
[Black "Ortiz Suarez, Isan Reynaldo"]
[Result "1/2-1/2"]
[WhiteTitle "FM"]
[BlackTitle "GM"]
[WhiteElo "2349"]
[BlackElo "2601"]
[WhiteFideId "3506991"]
[BlackFideId "3507165"]
[EventDate "2015.12.17"]

1. e4 c5 2. Nf3 d6 3. d3 g6 4. g3 Bg7 5. Bg2 Nc6 6. O-O e5 7. c3 Nge7 8. a3 O-O
9. b4 b6 10. Nbd2 h6 11. Bb2 Be6 12. b5 Na5 13. Re1 Qd7 14. c4 Bh3 15. Bc3 Nb7
16. Nf1 Bxg2 17. Kxg2 f5 18. N3d2 f4 19. h3 h5 20. Nh2 Nd8 21. Ndf3 Ne6 22. g4
hxg4 23. Nxg4 Kh8 24. Rg1 Kh7 25. Kf1 Rh8 26. Ke2 Kg8 27. h4 a5 28. Kd2 Rh5 29.
Kc2 Kf7 30. Qe2 Rah8 31. Rg2 Ke8 32. Rag1 Nd8 33. Qd2 Nf7 34. a4 Nh6 35. Nxh6
R5xh6 36. Rg4 Bf6 37. Rxf4 Bxh4 38. Nxh4 Rxh4 39. Rxh4 Rxh4 40. Qg5 Qh3 1/2-1/2

[Event "27th Carlos Torre Mem"]
[Site "Merida MEX"]
[Date "2015.12.17"]
[Round "2.7"]
[White "Cori, Jorge"]
[Black "Cuellar, Diego"]
[Result "0-1"]
[WhiteTitle "GM"]
[BlackTitle "IM"]
[WhiteElo "2596"]
[BlackElo "2374"]
[WhiteFideId "3802272"]
[BlackFideId "3803830"]
[EventDate "2015.12.17"]

1. Nf3 Nf6 2. c4 c6 3. Nc3 d5 4. e3 e6 5. d4 Nbd7 6. Bd3 dxc4 7. Bxc4 b5 8. Bd3
a6 9. e4 c5 10. d5 Qc7 11. O-O c4 12. Bc2 Bc5 13. Bg5 O-O 14. Qd2 e5 15. Nh4 Ne8
16. Nf5 f6 17. d6 Qb8 18. Be3 Bxd6 19. Rfd1 Bb4 20. a3 Bxc3 21. Qd5+ Rf7 22.
bxc3 Nc7 23. Qd6 Ne8 24. Qe6 Nc7 25. Qd6 Ne8 26. Qc6 Qb7 27. Qxb7 Bxb7 28. a4
Bc6 29. axb5 axb5 30. Rxa8 Bxa8 31. Bc1 Nf8 32. Ba3 Rd7 33. Rb1 g6 34. Nh6+ Kg7
35. Rxb5 Bxe4 36. Ba4 Bc6 0-1

[Event "27th Carlos Torre Mem"]
[Site "Merida MEX"]
[Date "2015.12.17"]
[Round "2.8"]
[White "Rodriguez Rivera, Pedro"]
[Black "Gonzalez Vidal, Yuri"]
[Result "0-1"]
[WhiteTitle "FM"]
[BlackTitle "GM"]
[WhiteElo "2314"]
[BlackElo "2553"]
[WhiteFideId "3500292"]
[BlackFideId "3503321"]
[EventDate "2015.12.17"]

1. d4 Nf6 2. Nf3 e6 3. e3 b6 4. Bd3 Bb7 5. O-O g6 6. c4 Bg7 7. Nc3 d5 8. Ne5 O-O
9. Qe2 c5 10. Rd1 Nbd7 11. cxd5 Nxe5 12. dxe5 Nxd5 13. f4 Nxc3 14. bxc3 Qc7 15.
Bb2 Rad8 16. c4 Qc6 17. Bc2 Rfe8 18. Bc3 Bf8 19. a4 Be7 20. a5 Rxd1+ 21. Bxd1
Rd8 22. Bc2 Qc7 23. h3 Bc6 24. axb6 axb6 25. e4 Ra8 26. Rxa8+ Bxa8 27. Bd3 Qa7
28. Kh2 Bc6 29. Qb2 Qb7 30. Qe2 Bd8 31. Be1 Qd7 32. Bf2 Qa7 33. Bg3 Qa1 34. Qc2
g5 35. fxg5 Bxg5 36. Qe2 Bh6 37. Qh5 Bg7 38. Qg5 Qd4 39. Bb1 h6 40. Qg4 Qxc4 41.
Bf4 Kh7 42. Qh5 Qf1 43. Qxf7 Be8 0-1

[Event "27th Carlos Torre Mem"]
[Site "Merida MEX"]
[Date "2015.12.18"]
[Round "3.1"]
[White "Bruzon Batista, Lazaro"]
[Black "Gongora Reyes, Maikel Liber"]
[Result "1-0"]
[WhiteTitle "GM"]
[BlackTitle "IM"]
[WhiteElo "2666"]
[BlackElo "2427"]
[WhiteFideId "3503739"]
[BlackFideId "3503208"]
[EventDate "2015.12.17"]

1. Nf3 d6 2. d4 g6 3. e4 Bg7 4. Bc4 c6 5. Bb3 Nf6 6. Nbd2 O-O 7. O-O Bg4 8. e5
dxe5 9. dxe5 Nd5 10. h3 Bxf3 11. Nxf3 e6 12. c3 Nd7 13. Re1 Qc7 14. Qe2 a5 15.
Bc2 a4 16. Bd2 b5 17. h4 h5 18. Rac1 c5 19. a3 c4 20. Rcd1 Nc5 21. Bg5 Qb6 22.
Kh1 Qb7 23. Nd4 Rfe8 24. f4 Ne7 25. Kh2 Nf5 26. g4 hxg4 27. Qxg4 Kh7 28. Nxf5
exf5 29. Bxf5 gxf5 30. Qh5+ Kg8 31. Bf6 Ne6 32. Rg1 Qe4 33. Rd4 Qe3 34. Rg2 1-0

[Event "27th Carlos Torre Mem"]
[Site "Merida MEX"]
[Date "2015.12.18"]
[Round "3.2"]
[White "Bacallao Alonso, Yusnel"]
[Black "Dreev, Aleksey"]
[Result "1/2-1/2"]
[WhiteTitle "GM"]
[BlackTitle "GM"]
[WhiteElo "2525"]
[BlackElo "2644"]
[WhiteFideId "3507416"]
[BlackFideId "4100107"]
[EventDate "2015.12.17"]

1. e4 c6 2. d4 d5 3. exd5 cxd5 4. Bd3 Nc6 5. c3 Qc7 6. h3 Nf6 7. Nf3 g6 8. O-O
Bg7 9. Re1 O-O 10. Nbd2 Bf5 11. Bf1 Rfe8 12. Nb3 Ne4 13. Be3 Rad8 14. Nc1 Na5
15. Nd3 Nd6 16. Bf4 Qb6 17. Qc1 Nac4 18. b3 Na5 19. Nc5 Qc7 20. Qa3 b6 21. Na6
Qc8 22. Rac1 Bf8 23. Nb4 Qa8 24. c4 dxc4 25. bxc4 Be4 26. c5 Nf5 27. Ng5 Bb7 28.
cxb6 axb6 29. Bc7 Nxd4 30. Bxb6 Nac6 31. Qxa8 Rxa8 32. Nxc6 Nxc6 33. Bc4 e6 34.
Ne4 Rec8 35. Bb3 Be7 36. Red1 1/2-1/2

[Event "27th Carlos Torre Mem"]
[Site "Merida MEX"]
[Date "2015.12.18"]
[Round "3.3"]
[White "L'Ami, Erwin"]
[Black "Medina Paz, Miguel"]
[Result "1/2-1/2"]
[WhiteTitle "GM"]
[BlackTitle "IM"]
[WhiteElo "2628"]
[BlackElo "2401"]
[WhiteFideId "1007998"]
[BlackFideId "7300379"]
[EventDate "2015.12.17"]

1. d4 e6 2. c4 Nf6 3. Nc3 Bb4 4. Qc2 Nc6 5. Nf3 d6 6. Bd2 e5 7. d5 Bxc3 8. Bxc3
Ne7 9. e4 O-O 10. Bd3 Ng6 11. g3 Nxe4 12. Bxe4 f5 13. Bd3 e4 14. Be2 exf3 15.
Bxf3 f4 16. Be4 Qg5 17. O-O-O Bf5 18. h4 Bxe4 19. Qxe4 Qf5 20. Qxf5 Rxf5 21. g4
Rf7 22. h5 Nf8 23. Rde1 h6 24. Re4 Nh7 25. Rhe1 Raf8 26. Re7 Ng5 27. Kd1 f3 28.
Rxf7 Kxf7 29. Re3 g6 30. hxg6+ Kxg6 31. Re7 Rf7 32. Re8 Rf4 33. Rg8+ Kf7 34.
Rg7+ Ke8 35. Rxc7 Rxg4 36. Kd2 Re4 37. Kd3 Re2 38. Bd4 Nh3 39. Rxb7 Nxf2+ 40.
Bxf2 Rxf2 41. Ke3 Rc2 42. Kxf3 Rxc4 43. Rxa7 Rd4 44. Ra5 h5 45. Ke3 Rd1 46. Kf4
h4 47. Kg4 Rd4+ 48. Kh3 Ke7 49. a4 Rb4 50. Ra8 Rxb2 51. a5 Kd7 52. a6 Ra2 53.
Ra7+ Kc8 54. Kxh4 Ra5 55. Kg5 Rxd5+ 56. Kf6 Kb8 57. Rd7 Ra5 58. Rxd6 Ka7 59. Ke6
Rxa6 60. Rxa6+ Kxa6 1/2-1/2

[Event "27th Carlos Torre Mem"]
[Site "Merida MEX"]
[Date "2015.12.18"]
[Round "3.4"]
[White "Cordova, Emilio"]
[Black "Della Morte, Pablo"]
[Result "1-0"]
[WhiteTitle "GM"]
[BlackTitle "IM"]
[WhiteElo "2611"]
[BlackElo "2299"]
[WhiteFideId "3801497"]
[BlackFideId "108448"]
[EventDate "2015.12.17"]

1. d4 Nf6 2. Nf3 e6 3. e3 d5 4. c4 b6 5. Bd3 Bb7 6. O-O Nbd7 7. b3 Bd6 8. Bb2
O-O 9. Nc3 a6 10. Rc1 Qe7 11. Bb1 Ne4 12. Ne2 f5 13. Ne5 Bxe5 14. dxe5 dxc4 15.
Rxc4 c5 16. Nf4 Rad8 17. Qe2 Bc6 18. a4 Bd5 19. Nxd5 exd5 20. Rcc1 Nxe5 21. f3
Nd6 22. Qxa6 Nd7 23. Qd3 Qe6 24. Rcd1 Kh8 25. Qxd5 Qxe3+ 26. Kh1 Nf6 27. Qe5
Qxe5 28. Bxe5 Nfe8 29. Rfe1 Nf7 30. Rxd8 Nxd8 31. Bc3 Nc7 32. Re7 Nce6 33. Bd3
Rf7 34. Re8+ Rf8 35. Rxf8+ Nxf8 36. Bxf5 Kg8 37. Kg1 Kf7 38. Kf2 Nb7 39. Be4 Nd6
40. Bd5+ Kg6 41. Be5 Nc8 42. Ke3 Ne7 43. Be4+ Kf7 44. Bc7 Nd7 45. Kd3 Ke6 46.
Kc4 g6 47. Bb7 Nf5 48. Bc8 Ne3+ 49. Kc3 Kd5 1-0

[Event "27th Carlos Torre Mem"]
[Site "Merida MEX"]
[Date "2015.12.18"]
[Round "3.5"]
[White "Vera Gonzalez-Quevedo, Reynaldo"]
[Black "Tiviakov, Sergei"]
[Result "1/2-1/2"]
[WhiteTitle "GM"]
[BlackTitle "GM"]
[WhiteElo "2437"]
[BlackElo "2610"]
[WhiteFideId "3500055"]
[BlackFideId "1008013"]
[EventDate "2015.12.17"]

1. d4 Nf6 2. c4 e6 3. Nc3 Bb4 4. Qc2 O-O 5. a3 Bxc3+ 6. Qxc3 d6 7. Nf3 b6 8. e3
Bb7 9. Be2 Nbd7 10. O-O a5 11. b3 c5 12. Bb2 Qe7 13. Rad1 Rfc8 14. d5 exd5 15.
cxd5 a4 16. Bb5 axb3 17. e4 Ra5 18. Bxd7 Qxd7 19. Nh4 Ne8 20. Nf5 f6 21. Qxb3 b5
22. Rfe1 Rc7 23. f4 Ra4 24. Kh1 b4 25. axb4 Rxb4 26. Qc3 Bc8 27. Ba3 Ra4 28. Ng3
Qg4 29. Bc1 Re7 30. h3 Qg6 31. Kh2 h5 32. Qf3 h4 33. Nf5 Bxf5 34. exf5 Qg3+ 35.
Qxg3 hxg3+ 36. Kxg3 Rxe1 37. Rxe1 Nc7 38. Rd1 Nb5 39. Be3 Nc3 40. Rd3 Ne4+ 41.
Kf3 c4 42. Rd1 Nc3 43. Rd4 Nb5 44. Re4 Nc7 45. Rd4 Nb5 46. Re4 Nc7 47. Rd4 Nb5
48. Ke4 1/2-1/2

[Event "27th Carlos Torre Mem"]
[Site "Merida MEX"]
[Date "2015.12.18"]
[Round "3.6"]
[White "Gonzalez Vidal, Yuri"]
[Black "Duarte Barahona, Raul Alejandro"]
[Result "1-0"]
[WhiteTitle "GM"]
[BlackTitle "CM"]
[WhiteElo "2553"]
[BlackElo "2261"]
[WhiteFideId "3503321"]
[BlackFideId "5107474"]
[EventDate "2015.12.17"]

1. Nf3 Nf6 2. c4 g6 3. Nc3 Bg7 4. d4 d6 5. e4 O-O 6. h3 e5 7. d5 a5 8. Bg5 Na6
9. Nd2 Qe8 10. Be2 Nd7 11. a3 h6 12. Be3 f5 13. f3 f4 14. Bf2 Nb6 15. Nb5 Qd8
16. b3 Bf6 17. O-O Bh4 18. Qe1 Bxf2+ 19. Qxf2 Bd7 20. Rfc1 Be8 21. Rab1 c5 22.
dxc6 bxc6 23. Nc3 c5 24. Nd5 Bf7 25. Rd1 Rb8 26. Bf1 Be6 27. Rb2 Nd7 28. Nb1 1-0

[Event "27th Carlos Torre Mem"]
[Site "Merida MEX"]
[Date "2015.12.18"]
[Round "3.7"]
[White "Cuellar, Diego"]
[Black "Baryshpolets, Andrey"]
[Result "1/2-1/2"]
[WhiteTitle "IM"]
[BlackTitle "GM"]
[WhiteElo "2374"]
[BlackElo "2538"]
[WhiteFideId "3803830"]
[BlackFideId "14117207"]
[EventDate "2015.12.17"]

1. e4 e6 2. d4 d5 3. Nc3 Nf6 4. Bg5 dxe4 5. Nxe4 Be7 6. Bxf6 gxf6 7. Nf3 f5 8.
Nc3 a6 9. Qd2 b5 10. g3 Bb7 11. Bg2 c5 12. O-O Ra7 13. Rad1 Bxf3 14. Bxf3 cxd4
15. Nd5 Rd7 16. Nxe7 Qxe7 17. Qf4 Qd6 18. Qh6 e5 19. Qg7 Rf8 20. Rfe1 Re7 21.
Qxh7 Qf6 22. Qh3 Rh8 23. Qf1 Nd7 24. Bg2 Nc5 25. c3 dxc3 26. bxc3 e4 27. Re3 Nd3
28. Qe2 Kf8 29. f3 Qb6 30. fxe4 fxe4 31. Bxe4 Ne5 32. Kh1 Rh6 33. Bf5 Ng4 34.
Rxe7 Rxh2+ 35. Qxh2 Nxh2 36. Rdd7 Nf3 37. Rxf7+ Ke8 38. Rde7+ Kd8 39. Rd7+ Ke8
40. Rfe7+ Kf8 41. Rf7+ 1/2-1/2

[Event "27th Carlos Torre Mem"]
[Site "Merida MEX"]
[Date "2015.12.18"]
[Round "4.1"]
[White "Cordova, Emilio"]
[Black "Bruzon Batista, Lazaro"]
[Result "1/2-1/2"]
[WhiteTitle "GM"]
[BlackTitle "GM"]
[WhiteElo "2611"]
[BlackElo "2666"]
[WhiteFideId "3801497"]
[BlackFideId "3503739"]
[EventDate "2015.12.17"]

1. d4 Nf6 2. Nf3 e6 3. c4 b6 4. g3 Bb7 5. Bg2 Be7 6. O-O O-O 7. Nc3 Ne4 8. Bd2
Bf6 9. Qc2 Nxd2 10. Qxd2 d6 11. Rad1 Nd7 12. h4 a6 13. Qc2 g6 14. Ne4 Bg7 15.
Nfg5 Rb8 16. Bh3 Qe7 17. d5 e5 18. b4 h6 19. Nxf7 Rxf7 20. Be6 Nf8 21. Bxf7+
Qxf7 22. c5 Rd8 23. cxd6 cxd6 24. Qd3 Nh7 25. Qe3 b5 26. Qb6 1/2-1/2